000 00917cam a22002411 4500
001 e 50000030
003 DLC
005 20260227111234.0
008 720208s1950 xx 000 0 eng
010 _ae 50000030
035 _a(OCoLC)236528
040 _aDLC
_cODaWU
_dDLC
050 0 0 _aL111
_b.A6 1950, no. 2
051 _aLC4601
_b.M3 1950
100 1 _aMartens, Elise H.
_q(Elise Henrietta),
_d1887-
245 1 0 _aCurriculum adjustments for the mentally retarded.
250 _aRev., 2d ed.
260 _bFederal Security Agency, Office of Education,
_c1950.
300 _a100 p.
410 1 0 _aUnited States.
_bOffice of Education.
_tBulletin, 1950,
_vno.00002
501 _aCopies 1 and 2 of L111.A6 with: 102 motion pictures on democracy / Seerley Reid. Washington : U.S. Govt. Print. Off., 1950. Bound together subsequent to publication.
_5DLC
650 0 _aChildren with mental disabilities
_xEducation.
999 _c22133
_d22133